000 00326nam a22001337a 4500
008 171031b xxu||||| |||| 00| 0 eng d
020 _a2900471692835
041 _aeng
080 _23 E D
_a33
100 _a58
101 _aBUS
245 _aENTREPRENEIR SND SMALL BUSINESS PROBLEM SOLVER
_cCOHEN.W.A
942 _2udc
_cBK
999 _c36710
_d36710